Gombeyatavayya. (Record no. 95618)

MARC details
000 -LEADER
fixed length control field 00608nam a2200205Ia 4500
003 - CONTROL NUMBER IDENTIFIER
control field OSt
005 - DATE AND TIME OF LATEST TRANSACTION
control field 20260508145758.0
008 - FIXED-LENGTH DATA ELEMENTS--GENERAL INFORMATION
fixed length control field 210210b1992 xxu||||| |||| 00| 0 eng d
040 ## - CATALOGING SOURCE
Transcribing agency AL
041 ## - LANGUAGE CODE
Language code of text/sound track or separate title Kannada
082 ## - DEWEY DECIMAL CLASSIFICATION NUMBER
Classification number 398.2K VENG
100 ## - MAIN ENTRY--PERSONAL NAME
Personal name VENKATAKRASHNAYYA (K).
Dates associated with a name ವೆಂಕಟಕೃಷ್ಣಯ್ಯ (ಕೆ)
9 (RLIN) 263641
245 ## - TITLE STATEMENT
Title Gombeyatavayya.
Remainder of title ಗೊಂಬೆಯಾಟವಯ್ಯ
260 ## - PUBLICATION, DISTRIBUTION, ETC.
Place of publication, distribution, etc. Kasaragodu.
Name of publisher, distributor, etc. Shri Gopalakrashna Yakshagana Bombeyata Sangha.,
Date of publication, distribution, etc. 1992
300 ## - PHYSICAL DESCRIPTION
Extent 213
650 ## - SUBJECT ADDED ENTRY--TOPICAL TERM
Topical term or geographic name entry element Gombeyata
9 (RLIN) 263642
690 ## - LOCAL SUBJECT ADDED ENTRY--TOPICAL TERM (OCLC, RLIN)
Topical term or geographic name as entry element Folklore
9 (RLIN) 263643
906 ## - LOCAL DATA ELEMENT F, LDF (RLIN)
a 045994
942 ## - ADDED ENTRY ELEMENTS (KOHA)
Source of classification or shelving scheme Dewey Decimal Classification
Koha item type Book
Holdings
Withdrawn status Lost status Source of classification or shelving scheme Damaged status Not for loan Collection code Home library Current library Shelving location Date acquired Source of acquisition Cost, normal purchase price Total Checkouts Full call number Barcode Date last seen Price effective from Koha item type
    Dewey Decimal Classification     Others St Aloysius Library St Aloysius Library   02/17/2021 Athree Book Centre, Mangalore-01. 45.00   398.2K VENG 045994 02/17/2021 02/17/2021 Book